MDQL
is popping MORE tags! Check the
thread
!
Quizzes
Events
Quiz Creation
Community
Videos
Private Events
Remove Ads
Sign In
Join for FREE
Feedback
Dark Mode
Quiz Categories
Sports
Geography
Music
Movies
Television
Just For Fun
Miscellaneous
History
Literature
Language
Science
Gaming
Entertainment
Religion
Holiday
For Kids
Quiz Lab
Recent
Popular Today
Quiz Kudos Today
Editor Picks
Curator Picks
Quizzes by...
Day
Popularity
Type
Ratings
Length
Year
Community
Subscriptions
Recent Discussions
Orange Saloon
Badges
Playlists
Quests
Create
Leaderboards
Showdown
Live 5
Trivia Bingo
Activity
Puzzle Library
Sporcle Events
Private Events
Virtual Trivia
Globe League
Become a Host
Pub Owners
SporcleCon
Opinionation
Our Games
Videos
Blog
Mobile Apps
Partnerships
Remove Ads and Go Orange
Feedback
Sports
Athletes
MLB
NBA
NHL
NFL
Soccer
Sports Teams
WWE
NCAA
Football
Premier League
Basketball
Baseball
Hockey
Golf
Tennis
Cricket
Rugby
Auto Racing
Olympics
World Cup
Sports
Athletes
MLB
NBA
NHL
NFL
Soccer
Sports Teams
WWE
NCAA
Football
Premier League
Basketball
Baseball
Hockey
Golf
Tennis
Cricket
Rugby
Auto Racing
Olympics
World Cup
Random Quiz
Search Sporcle
×
Quiz Lab
Quiz Lab
Sports
NFL
Type in answers that appear in a list
Type in answers that appear in a list
Classic
Best Score? Go Orange.
NFL QB/RBs Arrested 2000s Stats
Can you name the NFL QBs and RBs arrested since 2000 (More than speeding ticket).?
By
mlbnflwhiz
15m
63 Questions
1,944 Plays
1,944 Plays
1,944 Plays
Comments
Comments
Give Quiz Kudos
Give Quiz Kudos
-
- Ratings
hide this ad
More Info
Replay
Link that replays current quiz
Next Quiz
Link to next quiz in quiz playlist
You Got
0%
They Got
Avg Score
33%
Avg Friend Score
Upgrade to see
Score Distribution
Jump to the score distribution portion of the page
Score
0/63
Timer
15:00
0
Plays Today
Position
Player Arrested
% Correct
QB
Vince Young
86.9%
QB
Michael Vick
85.5%
QB
Michael Vick
85.5%
RB
Larry Johnson
72.6%
RB
Larry Johnson
72.6%
RB
Larry Johnson
72.6%
RB
Larry Johnson
72.6%
QB
Steve McNair
68%
QB
Steve McNair
68%
RB
Marshawn Lynch
66.2%
RB
Marshawn Lynch
66.2%
QB
Akili Smith
65.5%
RB
Lamar Smith
65.3%
RB
Ricky Williams
61.3%
RB
Ricky Williams
61.3%
RB
Moe Williams
60.5%
RB
Cedric Benson
57.2%
RB
Cedric Benson
57.2%
RB
Cedric Benson
57.2%
QB
Daunte Culpepper
53.9%
RB
Ronnie Brown
51.2%
RB
Jamal Lewis
47.7%
RB
Ahmad Bradshaw
46.9%
RB
Fred Taylor
46.7%
RB
Ahman Green
44.5%
RB
William Green
44.3%
QB
Jeff Garcia
40.9%
RB
LenDale White
37.4%
RB
De'Mond Parker
33.6%
RB
Corey Dillon
31.7%
RB
Dominic Rhodes
30.3%
RB
Dominic Rhodes
30.3%
Position
Player Arrested
% Correct
QB
Brian Griese
28.3%
RB
Travis Henry
27.6%
RB
Kevin Faulk
22.8%
RB
Deuce McAllister
19.3%
RB
Reuben Droughns
14.4%
RB
Reuben Droughns
14.4%
QB
Matt Schaub
14%
RB
Michael Pittman
12.2%
RB
Michael Pittman
12.2%
RB
Michael Pittman
12.2%
QB
Chris Simms
9.5%
RB
Najeh Davenport
7.8%
RB
Najeh Davenport
7.8%
RB
Danny Ware
6.8%
RB
Quincy Wilson
6.4%
RB
Chris Jennings
5.8%
RB
J.J. Arrington
5.7%
RB
DeDe Dorsey
2.9%
RB
Andre Hall
2.6%
RB
Stacey Mack
2.4%
RB
Kenton Keith
1.5%
RB
Quinton Ganther
0.8%
RB
Jameel Cook
0.8%
RB
Lionel Gates
0.7%
QB
Jason Gesser
0.6%
RB
Rabih Abdullah
0.6%
RB
Mario Bates
0.6%
RB
Mario Bates
0.6%
QB
Darrell Hackney
0.6%
RB
Larry Ned
0.5%
RB
Thomas Hamner
0.4%
Quiz Playlist
Details
Report
Send in Message
Add To Playlist
More Info:
They're the best athletes for sure but the best people? Judging by this list I'd say not...
Classic:
Type in answers that appear in a list
Quiz Source
Last Updated: Feb 16, 2017
Quiz Scoreboard
CHALLENGE
Sign Up to Join the Scoreboard
Show All
Scores
Hide
Comments
May contain spoilers
Recently Published
Image Sorting: Flags VI
by Barbecue
Geography
2m
Find the 'City' Movie
by crazypaving
Movies
60s
Colored Red Africa Blitz
by spor1
Geography
45s
More to Explore
Quiz From the Vault
Featured Blog Post
14 Easter Pick-up Lines to Find Eggs With
hide this ad
You Might Also Like...
Tags
NFL Quiz
crime
jail
Today's Top Quizzes in Sports
Browse Sports
hide this ad
Today's Top Quizzes in NFL
Browse NFL
Top Contributed Quizzes in Sports
1
Les meilleurs buteurs des matchs entre le PSG et l’OM
2
Les entraîneurs de l'OM et du PSG au 21e siècle
3
Les joueurs passés par le PSG et l'OM
4
2022 World Cup Stars
5
Players with Multiple 50 Home Run Seasons
6
Criteria MLB: Left Handed Sluggers
7
Les joueurs passés par le LOSC et le RC Lens
8
NBA Logic Puzzle 2.0
9
MLB Players with Two .350 Batting Average Seasons
10
FIFA Club World Cup Champions
Explore More
Trending Topics
Kpop
Crossword
NBA
Anime
Harry Potter
Marvel
Disney
Soccer
Country
WWE
The Office
Song
Pokémon
Puzzle
NFL
hide this ad
More By:
mlbnflwhiz
Quiz
Plays
Rating
Category
Featured
Created
NFL Millionaire
19,483
1.66
Sports
Feb 15, 2011
MLB Millionaire
14,806
2.49
Sports
Jan 6, 2011
2011 NFL Playoff chain game
14,694
2.51
Sports
Jan 16, 2011
HARD MLB Trivia
13,881
2.13
Sports
Feb 21, 2011
MLB Top 300 Best Position Players By WAR
7,603
4.04
Sports
May 18, 2011
Go to Creator's Profile
Score Distribution
Quiz Creator Spotlight
mlbnflwhiz
Follow
Send a Message
Quizzes Created
-
Created Quiz Play Count
-
More By This Creator
Popular Quizzes Today
1
Colored Red Africa Blitz
2
Find the US States - No Outlines Minefield
3
Find the 'City' Movie
4
5x2 Blitz: Bands
5
The Countries of the World
6
Find the US States
7
Find the Countries of Europe - No Outlines Minefield
8
US States
More Sports Quizzes
Top 50 Italian Champions League Appearances
Quiz Lab
Trending Quizzes
Colored Red Europe Blitz I
Colored Red Europe Blitz II
Colored Red Africa Blitz II
Colored Red Europe Blitz III
Colored Red Africa Blitz III
Recently Updated
How Do You Spell That?
pecheneg
Godzilla Movies
pecheneg
Grab Bag: 4-10 Letters
pecheneg
2024 March Madness Bracket
pecheneg
Famous TV Couples
Peacemaker
Champions League XIs: Real Madrid
pecheneg
Largest US Cities 1790-2010
pecheneg
Rides in Walt Disney World
pecheneg
Most Oscar Losses (Acting)
pecheneg
Beyoncé Albums
pecheneg
Trending Topics
Anime
Crossword
Disney
Kpop
Marvel
NBA
Harry Potter
NFL
The Office
Puzzle
Song
Soccer
Pokémon
Country
WWE
Your Account Isn't Verified!
In order to create a playlist on Sporcle, you need to verify the email address you used during registration. Go to your
Sporcle Settings
to finish the process.
Report this User
Report this user for behavior that violates our
Community Guidelines
.
Details:
Send Report
Go to the Sporcle.com Mobile Site →
Comments